01468nam a2200373Ii 4500001001300000003000800013008004100021006001900062007001500081035002100096040003100117020002700148020002400175020001800199020001500217050001600232245010200248250002300350264005500373300002300428336002600451337002600477338003600503490003900539504004100578588008100619650004100700650004200741655002200783700005300805776012400858830004000982856007201022DIGEDUSTA002NyNyDIG160610s2014 ck ob 000 0 spa dm o d cr ||||||||||| a(OCoLC)951593093 aDGITAbengerdaepncDGITA a9789586319034q(eBook) a9586319032q(eBook) z9789586318471 z958631847814aLC272 eBook03aLa educación moral :bun camino de humanización /cJorge Martínez Rodríguez (compilador). aPrimera edición. 1aBogotá, D.C., Colombia :bEdiciones USTA,c2014. a1 online resource. atextbtxt2rdacontent acomputerbc2rdamedia aonline resourcebcr2rdacarrier1 aColección Studiositas Theologica aIncludes bibliographical references.0 aOnline resource; title from PDF title page (Digitalia, viewed June 13, 2016) 0aMoral educationxStudy and teaching. 0aChristian ethicsxStudy and teaching. 0aElectronic books.1 aMartínez Rodríguez, Jorge,d1937-ecompiler.08iPrint version:tEducación moral.bPrimera edición.dBogotá, D.C., Colombia : Ediciones USTA, 2014.z9789586318471 0aColección Studiositas Theologica.403Digitalia Hispánicauhttps://www.digitaliapublishing.com/a/40753/